Hauptstädte mit dem Buchstaben S als zweitem Buchstaben - Statistiken

Allgemein
  • Dieses Quiz wurde 289 mal gespielt
    285 seit der letzten Aktualisierung
  • Das Durchschnittsergebnis liegt bei 3 aus 5
Antwortstatistiken
Hauptstadt % Korrekt
Asmara
71%
Islamabad
67%
Oslo
66%
Aşgabat
57%
Dschibuti
34%
Keine übereinstimmenden Quizze gefunden
Verteilung der Resultate
Anzahl Personen mit jedem Resultat
Perzentil nach korrekt beantworteten Fragen
Ihre Resultats-Entwicklung
Sie haben dieses Quiz seit der letzten Aktualisierung nicht gespielt